Tổng mục lục 40 năm tạp chí văn học 1960 - 1999

Spremljeno u:
Bibliografski detalji
Glavni autor: Viện Văn Học
Format: Knjiga
Jezik:Undetermined
Izdano: Hà Nội Nxb. Hà Nội 1999
Teme:
Oznake: Dodaj oznaku
Bez oznaka, Budi prvi tko označuje ovaj zapis!
Thư viện lưu trữ: Trung tâm Học liệu Trường Đại học Cần Thơ
LEADER 00548nam a2200193Ia 4500
001 CTU_35832
008 210402s9999 xx 000 0 und d
020 |b 35.000đ 
082 |a 016 
082 |b T455 
100 |a Viện Văn Học 
245 0 |a Tổng mục lục 40 năm tạp chí văn học 1960 - 1999 
245 0 |c Viện Văn Học 
260 |a Hà Nội 
260 |b Nxb. Hà Nội 
260 |c 1999 
650 |a bibliography 
904 |i Minh, 000317 
980 |a Trung tâm Học liệu Trường Đại học Cần Thơ